000 00271nam a22001097a 4500
008 170118b xxu||||| |||| 00| 0 eng d
020 _a076375823X
041 _aeng
080 _25TH
_a618.2
245 _aINTRODUCTION TO HEALTH PROFESSIONS
_cSTANFIELD, P.S
942 _2udc
_cBK
999 _c3116
_d3116